Study guide to accompany The human body in health & disease / (Record no. 3490)
[ view plain ]
| 000 -LEADER | |
|---|---|
| fixed length control field | 02929aam a22005531i 4500 |
| 001 - CONTROL NUMBER | |
| control field | 021070875 |
| 003 - CONTROL NUMBER IDENTIFIER | |
| control field | UkOxU |
| 005 - DATE AND TIME OF LATEST TRANSACTION | |
| control field | 20211118065532.0 |
| 006 - FIXED-LENGTH DATA ELEMENTS--ADDITIONAL MATERIAL CHARACTERISTICS | |
| fixed length control field | m || d | |
| 007 - PHYSICAL DESCRIPTION FIXED FIELD--GENERAL INFORMATION | |
| fixed length control field | cr ||||||||||| |
| 008 - FIXED-LENGTH DATA ELEMENTS--GENERAL INFORMATION | |
| fixed length control field | 150701t20142014moua o 000 0 eng |
| 015 ## - NATIONAL BIBLIOGRAPHY NUMBER | |
| National bibliography number | GBB7O8384 |
| Source | bnb |
| 020 ## - INTERNATIONAL STANDARD BOOK NUMBER | |
| International Standard Book Number | 9780323291668 |
| Qualifying information | (e-book) |
| 020 ## - INTERNATIONAL STANDARD BOOK NUMBER | |
| International Standard Book Number | 032329166X |
| Qualifying information | (e-book) |
| 020 ## - INTERNATIONAL STANDARD BOOK NUMBER | |
| Canceled/invalid ISBN | 9780323101257 |
| 035 ## - SYSTEM CONTROL NUMBER | |
| System control number | (Uk)018647826 |
| 037 ## - SOURCE OF ACQUISITION | |
| Stock number | 9780323291668 |
| Source of stock number/acquisition | Ingram Content Group |
| 040 ## - CATALOGING SOURCE | |
| Original cataloging agency | AU@ |
| Language of cataloging | eng |
| Description conventions | rda |
| Transcribing agency | AU@ |
| Modifying agency | OCLCO |
| -- | OCLCF |
| -- | OCLCQ |
| -- | Uk |
| 042 ## - AUTHENTICATION CODE | |
| Authentication code | ukblsr |
| 050 #4 - LIBRARY OF CONGRESS CALL NUMBER | |
| Classification number | QP34.5 |
| Item number | .S95 2014 |
| 082 04 - DEWEY DECIMAL CLASSIFICATION NUMBER | |
| Classification number | 612 |
| Edition number | 23 |
| 100 1# - MAIN ENTRY--PERSONAL NAME | |
| Personal name | Swisher, Linda, |
| Relator term | author. |
| 245 10 - TITLE STATEMENT | |
| Title | Study guide to accompany The human body in health & disease / |
| Statement of responsibility, etc. | prepared by Linda Swisher, RN, EdD. |
| 246 3# - VARYING FORM OF TITLE | |
| Title proper/short title | Study guide to accompany The Human body in health and disease |
| 264 #1 - PRODUCTION, PUBLICATION, DISTRIBUTION, MANUFACTURE, AND COPYRIGHT NOTICE | |
| Place of production, publication, distribution, manufacture | St. Louis, Missouri : |
| Name of producer, publisher, distributor, manufacturer | Elsevier, |
| Date of production, publication, distribution, manufacture, or copyright notice | [2014]. |
| 264 #4 - PRODUCTION, PUBLICATION, DISTRIBUTION, MANUFACTURE, AND COPYRIGHT NOTICE | |
| Date of production, publication, distribution, manufacture, or copyright notice | ©2014 |
| 300 ## - PHYSICAL DESCRIPTION | |
| Extent | 1 online resource (353 pages) : |
| Other physical details | illustrations. |
| 336 ## - CONTENT TYPE | |
| Content type term | text |
| Source | rdacontent |
| 337 ## - MEDIA TYPE | |
| Media type term | computer |
| Source | rdamedia |
| 338 ## - CARRIER TYPE | |
| Carrier type term | online resource |
| Source | rdacarrier |
| 500 ## - GENERAL NOTE | |
| General note | Academic |
| 505 0# - FORMATTED CONTENTS NOTE | |
| Formatted contents note | 1. An Introduction to the Structure and Function of the Body 2. Chemistry of Life 3. Cells 4. Tissues 5. Organ Systems of the Body 6. Mechanisms of Disease 7. The Integumentary System and Body Membranes 8. The Skeletal System 9. The Muscular System 10. The Nervous System 11. The Senses 12. The Endocrine System 13. Blood 14. The Heart 15. The Circulation of the Blood 16. The Lymphatic System and Immunity 17. The Respiratory System 18. The Digestive System 19. Nutrition and Metabolism 20. The Urinary System 21. Fluid and Electrolyte Balance 22. Acid-Base Balance 23. The Reproductive Systems 24. Growth and Development 25. Genetics and Genetic Diseases Answer Key |
| 506 1# - RESTRICTIONS ON ACCESS NOTE | |
| Terms governing access | Legal Deposit; |
| Physical access provisions | Only available on premises controlled by the deposit library and to one user at any one time; |
| Authorization | The Legal Deposit Libraries (Non-Print Works) Regulations (UK). |
| Institution to which field applies | UkOxU |
| 540 ## - TERMS GOVERNING USE AND REPRODUCTION NOTE | |
| Terms governing use and reproduction | Restricted: Printing from this resource is governed by The Legal Deposit Libraries (Non-Print Works) Regulations (UK) and UK copyright law currently in force. |
| Institution to which field applies | UkOxU |
| 588 0# - SOURCE OF DESCRIPTION NOTE | |
| Source of description note | Online resource; title from PDF title page (ebrary, viewed July 1, 2015). |
| 650 #0 - SUBJECT ADDED ENTRY--TOPICAL TERM | |
| Topical term or geographic name entry element | Human physiology |
| Form subdivision | Study guides. |
| 650 #0 - SUBJECT ADDED ENTRY--TOPICAL TERM | |
| Topical term or geographic name entry element | Human anatomy |
| Form subdivision | Study guides. |
| 650 #0 - SUBJECT ADDED ENTRY--TOPICAL TERM | |
| Topical term or geographic name entry element | Physiology, Pathological |
| Form subdivision | Study guides. |
| 650 #7 - SUBJECT ADDED ENTRY--TOPICAL TERM | |
| Topical term or geographic name entry element | Human anatomy. |
| Source of heading or term | fast |
| Authority record control number or standard number | (OCoLC)fst00962785 |
| 650 #7 - SUBJECT ADDED ENTRY--TOPICAL TERM | |
| Topical term or geographic name entry element | Human physiology. |
| Source of heading or term | fast |
| Authority record control number or standard number | (OCoLC)fst00963183 |
| 650 #7 - SUBJECT ADDED ENTRY--TOPICAL TERM | |
| Topical term or geographic name entry element | Physiology, Pathological. |
| Source of heading or term | fast |
| Authority record control number or standard number | (OCoLC)fst01063216 |
| 655 #4 - INDEX TERM--GENRE/FORM | |
| Genre/form data or focus term | Electronic books. |
| 655 #7 - INDEX TERM--GENRE/FORM | |
| Genre/form data or focus term | Study guides. |
| Source of term | fast |
| Authority record control number or standard number | (OCoLC)fst01423888 |
| 700 1# - ADDED ENTRY--PERSONAL NAME | |
| Personal name | Thibodeau, Gary A., |
| Dates associated with a name | 1938- |
| Title of a work | Human body in health & disease. |
| 700 1# - ADDED ENTRY--PERSONAL NAME | |
| Personal name | Patton, Kevin T. |
| Title of a work | Human body in health & disease. |
| 942 ## - ADDED ENTRY ELEMENTS (KOHA) | |
| Source of classification or shelving scheme | |
| Koha item type | Book |
| Withdrawn status | Lost status | Source of classification or shelving scheme | Damaged status | Not for loan | Permanent Location | Current Location | Shelving location | Date acquired | Source of acquisition | Total Checkouts | Full call number | Barcode | Date last seen | Price effective from | Koha item type |
|---|---|---|---|---|---|---|---|---|---|---|---|---|---|---|---|
| AU LIBRARY | AU LIBRARY | Open Shelf | 18.11.2021 | DONATION FROM MOI UNIVERSITY | QP34.5 .S95 2014 | 28000880 | 18.11.2021 | 18.11.2021 | Book |